Things That Have Happened In Florida Quiz Stats

 Plays Quiz not verified by Sporcle

Score 0/10 Timer 07:00
0 Plays Today
% Correct
A woman caused a crash while shaving her bikini line
87.1%
A woman gave birth in a Walmart parking lot
80.6%
A man dies after winning a cockroach-eating contest
74.2%
A woman called the police because she ate too much food
67.7%
A man stabbed his brother over missing mac and cheese
67.7%
A man was stabbed in a confusion over harmonicas
64.5%
A man was charged with folding a woman into a couch
64.5%
A man died after getting stuck in a cat flap
61.3%
Thieves targeted a school's frozen chicken nuggets
58.1%
A woman was arrested after assaulting a man with butter
54.8%

You're not logged in!

Compare scores with friends on all Sporcle quizzes.
OR
Log In

Sporcle TV

Today on Sporcle TV


Watch our educational content, quiz creation guides, and fun videos on Sporcle TV.

Show Comments

Extras

Created Jul 20, 2016ReportNominate
Tags:florida, USA, weird

Top Quizzes Today


Score Distribution

Your Account Isn't Verified!

In order to create a playlist on Sporcle, you need to verify the email address you used during registration. Go to your Sporcle Settings to finish the process.

Report this User

Report this user for behavior that violates our Community Guidelines.

Details: